Vita del Venerabile servo di Dio P. Sebastiano Valfré de la Congragazione dell' Oratorio di Torino raccolta da' processi fatti per la sua beatificazioné

Detalles Bibliográficos
Formato: Libro
Lenguaje:Undetermined
Italian
Publicado: in Torino : nella stamperia di Alessandro Vimercati, 1748.
Materias:
Colección:Banco de datos
Acervo:Biblioteca Palafoxiana. Colección bibliográfica
Descripción Física:XII, 416, 16 p. ; f°
Tema general:Biografías
Notas:Incluye frontispicio. Número de localización: 21598 Contiene al final el decreto de la beatificación de Valfré
LEADER 00694nam a2200157Ia 4500
008 150723s9999 xx 000 0 und d
041 0 |a ita 
050 0 |a PAFX CT31 V5 
245 1 0 |a Vita del Venerabile servo di Dio P. Sebastiano Valfré de la Congragazione dell' Oratorio di Torino raccolta da' processi fatti per la sua beatificazioné 
260 |a in Torino : nella stamperia di Alessandro Vimercati, 1748. 
300 |a XII, 416, 16 p. ; f° 
500 |a Incluye frontispicio. Número de localización: 21598 Contiene al final el decreto de la beatificación de Valfré 
650 1 0 |a Biografías 
942 |c PALALIB 
943 |g Biblioteca Palafoxiana. Colección bibliográfica 
999 |c 1047151  |d 1047151